Shepherding God's flock : (Record no. 19884)
[ view plain ]
| 000 -LEADER | |
|---|---|
| fixed length control field | 01101pam a2200301 a 4500 |
| 001 - CONTROL NUMBER | |
| control field | 1932275 |
| 003 - CONTROL NUMBER IDENTIFIER | |
| control field | OSt |
| 005 - DATE AND TIME OF LATEST TRANSACTION | |
| control field | 20230201162305.0 |
| 008 - FIXED-LENGTH DATA ELEMENTS--GENERAL INFORMATION | |
| fixed length control field | 860227r19861980miua b 001 0 eng |
| 010 ## - LIBRARY OF CONGRESS CONTROL NUMBER | |
| LC control number | 86005229 |
| 020 ## - INTERNATIONAL STANDARD BOOK NUMBER | |
| International Standard Book Number | 0310510716 |
| 040 ## - CATALOGING SOURCE | |
| Original cataloging agency | DLC |
| Transcribing agency | DLC |
| Modifying agency | DLC |
| 050 00 - LIBRARY OF CONGRESS CALL NUMBER | |
| Classification number | BV4011 |
| Item number | .A33 1986 |
| 100 1# - MAIN ENTRY--PERSONAL NAME | |
| Personal name | Adams, Jay E. |
| 245 10 - TITLE STATEMENT | |
| Title | Shepherding God's flock : |
| Remainder of title | a handbook on pastoral ministry, counseling, and leadership / |
| Statement of responsibility, etc. | Jay E. Adams. |
| 260 ## - PUBLICATION, DISTRIBUTION, ETC. (IMPRINT) | |
| Place of publication, distribution, etc. | Grand Rapids, MI : |
| Name of publisher, distributor, etc. | Ministry Resources Library, |
| Date of publication, distribution, etc. | 1986 |
| 300 ## - PHYSICAL DESCRIPTION | |
| Extent | 531 p. : |
| 490 1# - SERIES STATEMENT | |
| Series statement | The Jay Adams library |
| 500 ## - GENERAL NOTE | |
| General note | Reprint. Originally published: Phillipsburg, N.J. : Presbyterian and Reformed Pub. Co., 1980. |
| 504 ## - BIBLIOGRAPHY, ETC. NOTE | |
| Bibliography, etc | Includes bibliographical references and indexes. |
| 650 #0 - SUBJECT ADDED ENTRY--TOPICAL TERM | |
| Topical term or geographic name as entry element | Pastoral theology. |
| 650 #0 - SUBJECT ADDED ENTRY--TOPICAL TERM | |
| Topical term or geographic name as entry element | Pastoral counseling. |
| 650 #0 - SUBJECT ADDED ENTRY--TOPICAL TERM | |
| Topical term or geographic name as entry element | Christian leadership. |
| 800 1# - SERIES ADDED ENTRY--PERSONAL NAME | |
| Personal name | Adams, Jay E. |
| Dates associated with a name | 1929- |
| Title of a work | Jay Adams library. |
| 856 42 - ELECTRONIC LOCATION AND ACCESS | |
| Materials specified | Publisher description |
| Uniform Resource Identifier | <a href="http://www.loc.gov/catdir/enhancements/fy0633/86005229-d.html">http://www.loc.gov/catdir/enhancements/fy0633/86005229-d.html</a> |
| 906 ## - LOCAL DATA ELEMENT F, LDF (RLIN) | |
| a | 7 |
| b | cbc |
| c | orignew |
| d | 1 |
| e | ocip |
| f | 19 |
| g | y-gencatlg |
| 942 ## - ADDED ENTRY ELEMENTS (KOHA) | |
| Source of classification or shelving scheme | Library of Congress Classification |
| Koha item type | General Collection |
| Withdrawn status | Lost status | Source of classification or shelving scheme | Not for loan | Home library | Current library | Date acquired | Cost, normal purchase price | Total Checkouts | Full call number | Barcode | Date last seen | Price effective from | Koha item type |
|---|---|---|---|---|---|---|---|---|---|---|---|---|---|
| Library of Congress Classification | Kabarak, Main Campus | Kabarak, Main Campus | 01/02/2023 | 5367.00 | BV4011 .A33 1986 c.1 | 34667 | 01/02/2023 | 01/02/2023 | General Collection |